000 00737nam a22001937a 4500
003 OSt
005 20240622113940.0
008 240622b ||||| |||| 00| 0 eng d
040 _cAIMIT LIBRARY
100 _aKedilaya, Srivatsa S.
_e2116179
_9171376
245 _aConsumer purchase intention towards the konkan polyproducts pvt ltd /
_cBy Srivatsa S Kedilaya ; Guided by Ravi Kudtarkar.
260 _aMangalore ;
_c2023.
650 _aLiterature review / mapping
_9171377
650 _aResearch methodology
_9171378
650 _aData analysis and interpretation
_9171379
700 _aKudtarkar, Ravi.
_eGuide
_9171380
856 _3Konkan speciality polyproducts private limited
_uwww.konspec.com
_ywww.konspec.com
942 _2ddc
_cPRO
999 _c231285
_d231285